000 00839nas a2200265 4500
001 BR9902101
003 BR-BrBNA
005 20231205101403.0
007 ta
008 230509b bl.|||p| |||| 00| 00por d
040 _aBR-BrBNA
_bpor
_cBiblioteca Nacional de Agricultura
041 _a(Pt)
072 _aF01
100 1 _aLeao, P.C. de S.
100 1 _aLino Junior, E. da C.
100 1 _aSantos, E. da S.
245 1 _aEfeitos do CPPU e acido giberelico sobre o tamanho de bagas da uva Perlette cultivada no Vale do Sao Francisco
650 _aUva
650 _aAcido Giberelico
650 _aHormonio Vegetal
650 _aPernambuco
773 0 _tRevista Brasileira de Fruticultura (Brazil)
_xISSN 0100-2945
_g(Apr 1999), v. 21(1) p. 74-78
_wBR9902101
909 _a202311
_bLúcia
_c55
_dLúcia Elande
942 _2AGRIS
_n0
_cANA
999 _c161514
_d161514